Statistieken voor Organen van het Menselijk Lichaam

Klik hier om de quiz te nemen!

Algemene statistieken

  • Deze quiz is 5.060 keer genomen
  • De gemiddelde score is 9 van 12

Antwoorden op de kaart

Antwoorden kleurgecodeerd door een groen-rode schaal op de quizkaart volgens % correct hieronder.
Laden...
 

Antwoordstatistieken

Organen% Correct
Hersenen
99%
Longen
99%
Dikke darm
93%
Dunne darm
93%
Lever
92%
Maag
92%
Hart
83%
Nieren
82%
Blaas
73%
Alvleesklier
57%
Galblaas
44%
Milt
42%

Scoreverdeling

Percentiel versus Aantal Correcte Antwoorden

Procent van Mensen met Elke Score

Uw Scoregeschiedenis

U heeft deze quiz nog niet genomen